Homenaje a Dulce María Loynaz, Premio Cervantes 1992 : obra literaria : poesía y prosa; estudios y comentarios /

La presente antología de la obra de Dulce María Loynaz es enriquecida con una amplia selección de estudios y opiniones sobre sus creaciones literarias.

Guardado en:
Detalles Bibliográficos
Autor principal: Loynaz, Dulce María (autor)
Otros autores: Núñez, Ana Rosa (edición) (edición)
Formato: Libro
Idioma:Español
Publicado: Miami, EUA : Universal, 1993, c1993
Colección:(Clásicos Cubanos)
Temas:
Etiquetas: Agrega una etiqueta
Sin etiquetas, Sé el primero en etiquetar este registro!

MARC

LEADER 00000nam^a2200000^a^4500
001 000153742
005 20250521000000.0
009 20260310100329.882
020 |a 0-89729-669-9 
037 |a Acervo ITESO - Biblioteca 
041 |a ESP 
082 |a 868.  |b LOY 
100 |a Loynaz, Dulce María  |e (autor) 
245 1 0 |a Homenaje a Dulce María Loynaz, Premio Cervantes 1992 :  |b obra literaria : poesía y prosa; estudios y comentarios /  |c D.M. Loynaz ; ed. y prelim. de A.R. Núñez. 
264 4 |a Miami, EUA :  |b Universal,  |c 1993, c1993 
300 |a 415 p. 
336 |a texto  |b txt  |2 rdacontenido 
337 |a sin mediación  |b n  |2 rdamedio 
338 |a volumen  |b nc  |2 rdasoporte 
440 1 |a (Clásicos Cubanos) 
520 |a La presente antología de la obra de Dulce María Loynaz es enriquecida con una amplia selección de estudios y opiniones sobre sus creaciones literarias. 
545 0 |a Dulce María Loynaz (La Habana, 1902-1997), escritora cubana. Publicó sus primeros poemas en 1920 –cuando también realiza el primero de sus numerosos viajes por Europa, América y Medio Oriente- y culminó en 1927 sus estudios universitarios en Derecho Civil. Versos, 1920-1938 (1938), su primer libro, fue editado en La Habana, pero los siguientes títulos que publicará hasta 1958 saldrían a la luz en España: Juegos de agua: versos del agua y del amor (1946), la novela lírica Jardín (1951), Poemas sin nombre (1953), Obra lírica (1955), Ultimos días de una casa (1958) y el libro de viajes Un verano en Tenerife (1958). Fue electa integrante de la Academia Cubana de la Lengua en 1959, dos años más tarde dejó de ejercer la abogacía y en 1968 ingresó a la Real Academia Española de la Lengua. Bestiarium (1991), un nuevo libro de poesía, precedió su reconocimiento con el Premio Miguel de Cervantes en 1992. Poemas náufragos (1992), La novia de Lázaro (1992), el testimonio Fe de vida (1995) y abundantes artículos periodísticos, no recogidos en libros, complementan la obra de una de las voces de la literatura cubana del siglo XX que generan una mayor admiración, por parte de creadores y críticos radicados tanto dentro como fuera de la isla. 
586 |a Premio Miguel de Cervantes 1992: Antologías 
649 |a XX 
650 |a Escritores Cubanos -  |x Homenajes 
650 |a Mujeres Cubanas -  |x Homenajes 
650 |a Poesía Cubana 
650 |a Prosa Literaria Cubana 
650 |a Literatura de Mujeres -  |z Cuba 
650 |a Literatura Cubana -  |y Siglo XX 
650 |a Literatura Cubana -  |x Historia y Crítica 
650 |a Loynaz, Dulce María -  |x Tema Principal 
700 |a Núñez, Ana Rosa  |e (edición) 
910 |a Fondo General 
920 |a Impresos - Libros 
930 |a Colección General 
940 |a Literatura 
905 |a 101 
901 |a 0500082549  |b IT1  |c LIT  |u 20250521 
902 |a https://opac.biblio.iteso.mx/vufind/Record/000153742